| 000 | 00640nam a2200181 4500 | ||
|---|---|---|---|
| 005 | 20250801162759.0 | ||
| 008 | 240219b ||||| |||| 00| 0 eng d | ||
| 020 | _a9781119167396 | ||
| 082 |
_aDRef 382.3 _bH191 2020 |
||
| 245 |
_aThe handbook of global trade policy / _cedited by Andreas Klasen. |
||
| 260 |
_aHoboken, NJ : _bWiley Blackwell, _c©2020. |
||
| 300 |
_axvi, 608 pages : _billustrations ; _c26 cm. |
||
| 500 | _aIncludes bibliographical references and index. | ||
| 650 |
_aCommercial policy. _952721 |
||
| 650 |
_aInternational trade. _93544 |
||
| 650 |
_aInternational economic relations. _952722 |
||
| 942 |
_2ddc _cDREF |
||
| 999 |
_c19217 _d19217 |
||